Informácie a štúdie č. 60
Guardado en:
| Formato: | Libro |
|---|---|
| Lenguaje: | eslovaco |
| Publicado: |
Bratislava
Výskumný ústav oblastného plánovania
1988
|
| Etiquetas: |
Sin Etiquetas, Sea el primero en etiquetar este registro!
|
MARC
| LEADER | 00000nam a2200000 4500 | ||
|---|---|---|---|
| 001 | c030049 | ||
| 005 | 20251110141145.1 | ||
| 041 | 0 | |a slo | |
| 044 | |a SK | ||
| 245 | 1 | 0 | |a Informácie a štúdie č. 60 |
| 264 | 1 | |a Bratislava |b Výskumný ústav oblastného plánovania |c 1988 | |
| 300 | |a 50 s. | ||